[Event "Titled Tue 3rd Jan Late"]
[Site "chess.com INT"]
[Date "2025.06.03"]
[Round "9"]
[White "Chekletsov, Ilya"]
[Black "Medina Paz, Miguel"]
[Result "0-1"]
[WhiteTitle "IM"]
[BlackTitle "IM"]
[WhiteElo "2338"]
[BlackElo "2368"]
[WhiteFideId "24177156"]
[BlackFideId "7300379"]
[EventDate "2025.06.03"]

1. d4 Nf6 2. c4 g6 3. Nc3 Bg7 4. e4 d6 5. f4 O-O 6. Nf3 c5 7. d5 e5 8. dxe6 Bxe6
9. Be2 Nc6 10. Be3 Bg4 11. Qd2 Re8 12. h3 Bxf3 13. Bxf3 Nd4 14. O-O-O Qa5 15.
Kb1 Qb4 16. Qd3 Nd7 17. Rhe1 Nb6 18. Bc1 Qxc4 19. Qxc4 Nxc4 20. Nd5 Rac8 21. b3
Nb6 22. Nxb6 axb6 23. Bb2 b5 24. Bg4 Rc7 25. Rd2 f5 26. Bf3 fxe4 27. Rxe4 Rxe4
28. Bxe4 Re7 29. Bd5+ Kf8 30. Bxd4 Bxd4 31. Kc2 b6 32. Kd3 Re3+ 33. Kc2 Ke7 34.
Rd3 Re2+ 35. Rd2 Re1 36. Rd1 Re3 37. Rd3 Re2+ 38. Rd2 Rxd2+ 39. Kxd2 Kf6 40. g4
g5 41. f5 Ke5 42. Bc6 b4 43. Ke2 Kf4 44. Bg2 Kg3 45. Bf1 h6 46. Kd3 Kf2 47. Be2
Be5 48. Bd1 Ke1 49. Bc2 Kf2 50. Ke4 Kg3 51. Kd5 Kxh3 52. Ke6 Kxg4 53. f6 h5 54.
f7 Bg7 55. Kxd6 h4 56. Ke6 h3 57. Be4 Kf4 58. Bd5 g4 59. Ke7 g3 0-1

[Event "Titled Tue 3rd Jan Late"]
[Site "chess.com INT"]
[Date "2025.06.03"]
[Round "9"]
[White "Ugarte Soto, Cesar"]
[Black "Arkell, Keith C"]
[Result "0-1"]
[WhiteTitle "CM"]
[BlackTitle "GM"]
[WhiteElo "2088"]
[BlackElo "2342"]
[WhiteFideId "3601331"]
[BlackFideId "400270"]
[EventDate "2025.06.03"]

1. d4 e6 2. Bf4 Nf6 3. e3 c5 4. c3 cxd4 5. exd4 Be7 6. Nf3 b6 7. Nbd2 O-O 8. Bd3
Ba6 9. Bxa6 Nxa6 10. O-O Nc7 11. Qe2 d6 12. h3 b5 13. a3 Ncd5 14. Bg3 Qb6 15.
Ne4 Nxe4 16. Qxe4 Rfc8 17. Rad1 a5 18. Qd3 Qc6 19. Rc1 Qc4 20. Qe4 Qb3 21. Qb1
Qc4 22. Rfe1 h6 23. Nd2 Qc6 24. Qd3 Nf6 25. Bh4 Qd5 26. Bxf6 Bxf6 27. Qe4 Qxe4
28. Nxe4 d5 29. Nxf6+ gxf6 30. Kf1 b4 31. cxb4 axb4 32. Rxc8+ Rxc8 33. Re3 Rc1+
34. Re1 Rc4 35. Rd1 bxa3 36. bxa3 Rc3 37. Ra1 Rd3 38. a4 Rxd4 39. a5 Rc4 40. a6
Rc8 41. Ke2 Kf8 42. a7 Ra8 43. Kf3 Ke7 44. Kg4 d4 45. Kh5 d3 46. Kxh6 d2 47. h4
d1=Q 48. Rxd1 Rxa7 49. Kg7 Ra4 50. g3 Rg4+ 51. Kh6 f5 52. h5 Kf6 53. Rd7 f4 54.
Rd3 fxg3 55. Rf3+ Ke7 56. Rxg3 Rf4 57. Kg5 Rxf2 58. h6 Rh2 59. Rg4 Kf8 60. Ra4
Rg2+ 61. Kh5 Ke7 62. h7 Rh2+ 63. Kg5 Rxh7 64. Ra7+ Kd6 65. Kf6 Kd5 66. Ra5+ Ke4 0-1

[Event "Titled Tue 3rd Jan Late"]
[Site "chess.com INT"]
[Date "2025.06.03"]
[Round "9"]
[White "Harish, Neeraj"]
[Black "Radchenko, Alexey"]
[Result "1-0"]
[WhiteTitle "CM"]
[BlackTitle "FM"]
[WhiteElo "2192"]
[BlackElo "2293"]
[WhiteFideId "30958130"]
[BlackFideId "4192362"]
[EventDate "2025.06.03"]

1. c4 c6 2. Nf3 d5 3. g3 dxc4 4. Bg2 b5 5. O-O Nf6 6. a4 a6 7. b3 cxb3 8. Qxb3
Bb7 9. d4 e6 10. Nc3 Be7 11. Rd1 O-O 12. Ne5 b4 13. Ne4 Nbd7 14. Nxf6+ Bxf6 15.
Nxc6 Bxc6 16. Bxc6 Rc8 17. Bg2 a5 18. Bb2 Qb6 19. e4 h6 20. h4 Rfd8 21. Rd2 Ne5
22. Rad1 Nc4 23. Rd3 Rc7 24. e5 Be7 25. Bc1 Qa6 26. Bf4 Rcd7 27. Bf1 Nb6 28. d5
exd5 29. Rd4 Qc8 30. Bb5 Rc7 31. Qf3 Bc5 32. R4d2 d4 33. e6 Re7 34. exf7+ Rxf7
35. Qe4 Kh8 36. Bd3 g5 37. hxg5 hxg5 38. Be5+ Kg8 39. Qg6+ Kf8 40. Qh6+ Ke7 41.
Qxg5+ Kd7 42. Bf5+ Rxf5 43. Qxf5+ Kc6 44. Qf6+ Kb7 45. Bxd4 Nc4 46. Qf7+ Qc7 47.
Qxc4 Bxd4 48. Qxc7+ Kxc7 49. Rxd4 Rh8 50. Kg2 Kc6 51. f4 Kc5 52. Rd5+ Kc4 53.
Rxa5 Kc3 54. Rb5 b3 55. Rb1 Kc2 56. R1xb3 Ra8 57. R3b4 Rxa4 58. Rxa4 Kc3 59. Rd5
Kc2 60. Ra8 Kb3 61. Rc8 Kb2 62. Rd7 Kb3 63. Rb7+ Ka3 64. Ra8# 1-0

[Event "Titled Tue 3rd Jan Late"]
[Site "chess.com INT"]
[Date "2025.06.03"]
[Round "9"]
[White "Maglioni, Leonardo"]
[Black "Tikhonov, Viacheslav"]
[Result "1-0"]
[BlackTitle "CM"]
[WhiteElo "2069"]
[BlackElo "2183"]
[WhiteFideId "2896830"]
[BlackFideId "44196407"]
[EventDate "2025.06.03"]

1. d4 Nf6 2. Bf4 g6 3. Nc3 d5 4. e3 Bg7 5. Nb5 Na6 6. Nf3 O-O 7. Be2 c6 8. Nc3
Nc7 9. O-O Nce8 10. Ne5 Nd6 11. h3 Nfe4 12. Nxe4 Nxe4 13. c4 Be6 14. Qc2 Nf6 15.
b4 dxc4 16. Nxc4 Nd5 17. Bg3 Nxb4 18. Qb2 a5 19. a3 Nd5 20. Qxb7 Nc3 21. Bd3 c5
22. Nb6 cxd4 23. Nxa8 Qxa8 24. Qxa8 Rxa8 25. exd4 Bxd4 26. Rac1 a4 27. Rfe1 Kf8
28. Be5 Bxe5 29. Rxe5 Nd5 30. Be4 Rd8 31. Rd1 Kg7 32. Bxd5 Kf6 33. Rxe6+ fxe6
34. Bf3 Rb8 35. Rd4 Rb1+ 36. Kh2 Rb2 37. Kg3 e5 38. Rxa4 Rb3 39. Ra6+ e6 40. Kh2
Rb2 41. Bg4 Rxf2 42. Rxe6+ Kg5 43. Rxe5+ Kh4 44. Re3 h5 45. Bf3 g5 46. Re4+ g4
47. hxg4 Ra2 48. gxh5+ Kg5 49. a4 Ra3 50. Re5+ Kf4 51. Re4+ Kg5 52. Rb4 Ra1 53.
Rb5+ Kf4 54. a5 Ra2 55. h6 Rd2 56. h7 Rd8 57. Rh5 Rh8 58. a6 Ke3 59. a7 Kf2 60.
a8=Q 1-0

[Event "Titled Tue 3rd Jan Late"]
[Site "chess.com INT"]
[Date "2025.06.03"]
[Round "9"]
[White "Panarin, Mikhail"]
[Black "Pranav, V"]
[Result "0-1"]
[WhiteTitle "GM"]
[BlackTitle "GM"]
[WhiteElo "2562"]
[BlackElo "2621"]
[WhiteFideId "4153251"]
[BlackFideId "25060783"]
[EventDate "2025.06.03"]

1. e4 e5 2. Nf3 Nc6 3. Bb5 a6 4. Ba4 Nge7 5. O-O Ng6 6. c3 d5 7. exd5 Qxd5 8. d4
Bg4 9. Bb3 Bxf3 10. Bxd5 Bxd1 11. Rxd1 O-O-O 12. Bxf7 exd4 13. Bg5 Be7 14. Bxe7
Ngxe7 15. Nd2 Rhf8 16. Be6+ Kb8 17. Ne4 Ng6 18. g3 Nge5 19. Kg2 Rfe8 20. Bb3 d3
21. Rd2 Na5 22. Nc5 b6 23. Nxa6+ Kb7 24. Nb4 c5 25. Bd5+ Ka7 26. Re1 cxb4 27.
cxb4 Rxd5 28. bxa5 Red8 29. axb6+ Kxb6 30. b3 g5 31. h3 h5 32. f4 gxf4 33. gxf4
Nc6 34. Re4 h4 35. Kf2 R8d7 36. a4 Ne7 37. b4 Nf5 38. Re6+ Kb7 39. Re5 Rxe5 40.
fxe5 Ng3 41. e6 Rd6 42. e7 Rf6+ 43. Kg2 Re6 44. Rxd3 Rxe7 45. Rd4 Nf5 46. Rf4
Rg7+ 47. Kf2 Rg5 48. Kf3 Kc6 49. Rg4 Rh5 50. Kf4 Nd4 51. Rg6+ Kd7 52. Kg4 Rh8
53. a5 Nc6 54. a6 Ne5+ 55. Kf5 Nxg6 0-1

[Event "Titled Tue 3rd Jan Late"]
[Site "chess.com INT"]
[Date "2025.06.03"]
[Round "9"]
[White "Jasinski, Alexander"]
[Black "Alazmi, Amani"]
[Result "1-0"]
[BlackTitle "WCM"]
[WhiteElo "1964"]
[BlackElo "1725"]
[WhiteFideId "55627994"]
[BlackFideId "10303553"]
[EventDate "2025.06.03"]

1. d4 d5 2. c4 e6 3. Nf3 Nf6 4. g3 Be7 5. Bg2 O-O 6. O-O c6 7. b3 Nbd7 8. Bb2 b6
9. e3 Bb7 10. Nbd2 Rc8 11. Rc1 c5 12. Qe2 Ba6 13. Rfd1 Bb7 14. Ne5 Bd6 15. Nxd7
Qxd7 16. dxc5 Bxc5 17. Bxf6 gxf6 18. cxd5 exd5 19. Nf3 Qg4 20. h3 Qh5 21. g4 Qh6
22. Nd4 Bxd4 23. Rxc8 Rxc8 24. Rxd4 Rc1+ 25. Kh2 Qg5 26. Rf4 Qe5 27. Qf3 Rc7 28.
Qg3 Re7 29. h4 Kh8 30. Kh3 Bc8 31. Kh2 Bb7 32. Rd4 Qe6 33. Qb8+ Kg7 34. Qf4 Qe5
35. Kg3 Rd7 36. g5 Qxf4+ 37. Kxf4 fxg5+ 38. hxg5 f6 39. gxf6+ Kxf6 40. Bh3 Rd8
41. Kg3 Rg8+ 42. Kf3 Ke5 43. Ke2 Rg1 44. Rh4 Rg7 45. Rh5+ Kd6 46. Kd3 Ba6+ 47.
Kd4 Bb7 48. Rh6+ Kc7 49. Bf5 Rg1 50. Rxh7+ Kb8 51. Rh8+ Kc7 52. f4 Rd1+ 53. Ke5
Re1 54. Rh7+ Kb8 55. Rh3 Ra1 56. Kd6 a6 57. Rh8+ Ka7 58. Rh7 Rc1 59. Be6 Rc5 60.
b4 Rc3 61. Bxd5 Rd3 62. Rxb7+ Ka8 63. Rxb6+ Ka7 64. Rb7+ Ka8 65. Re7+ Kb8 66. e4
Kc8 67. f5 Kd8 68. Ra7 Ke8 69. Ra8# 1-0

[Event "Titled Tue 3rd Jan Late"]
[Site "chess.com INT"]
[Date "2025.06.03"]
[Round "9"]
[White "Clawitter, Craig"]
[Black "Fernandes, Rogerio Paulo Muller"]
[Result "0-1"]
[WhiteElo "2050"]
[BlackElo "2241"]
[WhiteFideId "2023105"]
[BlackFideId "2101599"]
[EventDate "2025.06.03"]

1. e4 e6 2. d4 d5 3. e5 c5 4. c3 Nc6 5. Nf3 Qb6 6. a3 cxd4 7. cxd4 Nh6 8. Nc3
Nf5 9. Na4 Qd8 10. Be3 Nxe3 11. fxe3 f5 12. exf6 gxf6 13. Bd3 Bh6 14. Qe2 Qd6
15. O-O Bd7 16. Nc5 b6 17. Nxd7 Qxd7 18. Bb5 Rc8 19. Rac1 O-O 20. Rc3 Qd6 21.
Nh4 Ne7 22. Qg4+ Bg5 23. Rxf6 Rxf6 24. Qxg5+ Kf7 25. Qh5+ Kf8 26. Rxc8+ Nxc8 27.
Qe8+ Kg7 28. Qxc8 Rf8 29. Qc2 Qe7 30. Nf3 Qf6 31. Bd3 h6 32. Qf2 Rf7 33. Qg3+
Kh8 34. Ne5 Rg7 35. Qf3 Qxf3 36. Nxf3 Rc7 37. Kf2 Kg7 38. Kg3 Rc1 39. Kf4 Rd1
40. Ne5 Kf6 41. g4 Rd2 42. h4 Rxb2 43. g5+ hxg5+ 44. hxg5+ Ke7 45. g6 Rg2 46.
Kf3 Rg1 47. Kf2 Rg5 48. Nf3 Rg4 49. Ne5 Rg5 50. Nc6+ Kd6 51. Nxa7 e5 52. Nb5+
Ke6 53. dxe5 Kxe5 54. Nd4 Kf6 55. Nf3 Rg4 56. Ke2 Ra4 57. Nd2 Rxa3 58. Nf3 Ra2+
59. Kd1 Rb2 60. Nd4 Rh2 0-1

[Event "Titled Tue 3rd Jan Late"]
[Site "chess.com INT"]
[Date "2025.06.03"]
[Round "9"]
[White "Winkels, Marcel"]
[Black "Do Carmo, Gabriel Carckeno"]
[Result "0-1"]
[WhiteTitle "CM"]
[WhiteElo "1918"]
[BlackElo "2021"]
[WhiteFideId "1003887"]
[BlackFideId "22783024"]
[EventDate "2025.06.03"]

1. e4 e6 2. d4 d5 3. Nc3 Nf6 4. Bg5 Bb4 5. e5 h6 6. Bd2 Bxc3 7. bxc3 Ne4 8. Bd3
Nxd2 9. Kxd2 Qg5+ 10. Ke2 c5 11. Bb5+ Bd7 12. Bxd7+ Nxd7 13. Nf3 Qh5 14. Rb1 Rb8
15. Re1 c4 16. Kf1 O-O 17. Rb4 g5 18. h3 Kh8 19. Nh2 Qxd1 20. Rxd1 Kg7 21. Nf3
Rfc8 22. Rdb1 Rc7 23. a4 b6 24. a5 Ra8 25. a6 Nb8 26. Ra1 Nc6 27. Rb5 Re8 28. g4
Ne7 29. Rbb1 Rb8 30. Rb2 Rc6 31. Rbb1 b5 32. Re1 Rcb6 33. Reb1 Ng6 34. Nd2 Nf4
35. f3 Nxh3 36. Kg2 Nf4+ 37. Kf2 Ng6 38. Rb4 Ne7 39. Nf1 Nc6 40. Rbb1 b4 41.
cxb4 Nxd4 42. c3 Nb3 43. Ra2 Rc8 44. Ng3 Rcc6 45. Nh5+ Kg6 46. Ng3 Rxa6 47. Rab2
Rcb6 48. Rh1 Rb7 49. Ne2 Rab6 50. Nd4 Nxd4 51. cxd4 Rxb4 52. Ra2 Rb3 53. Kg3 c3
54. Rc1 R3b4 55. Rac2 Rxd4 56. Rxc3 Rd2 57. Rc7 Rxc7 58. Rxc7 a5 59. Ra7 Ra2 0-1

[Event "Titled Tue 3rd Jan Late"]
[Site "chess.com INT"]
[Date "2025.06.03"]
[Round "9"]
[White "Araujo Filho, Luiz Antonio Coel"]
[Black "Ozalp, Burak"]
[Result "1-0"]
[BlackTitle "CM"]
[WhiteElo "2077"]
[BlackElo "2059"]
[WhiteFideId "2130661"]
[BlackFideId "6314210"]
[EventDate "2025.06.03"]

1. d4 Nf6 2. Nf3 b6 3. e3 Bb7 4. Bd3 g6 5. Nbd2 Bg7 6. Qe2 O-O 7. b3 e6 8. Bb2
c5 9. O-O d6 10. c4 Nbd7 11. e4 cxd4 12. Nxd4 a6 13. N2f3 Qc7 14. Nc2 Rfe8 15.
b4 d5 16. Nd2 Nxe4 17. Bxg7 Nxd2 18. Qxd2 Kxg7 19. Ne3 Nf6 20. Rac1 d4 21. Nc2
e5 22. f3 Rad8 23. Rce1 h6 24. a3 Re7 25. Na1 Rde8 26. Nb3 Ba8 27. c5 b5 28. Qf2
Bd5 29. Nd2 Nh5 30. g3 Nf6 31. Ne4 Bxe4 32. fxe4 Ng8 33. g4 Re6 34. Qg3 Rf6 35.
Rxf6 Nxf6 36. Rf1 Re6 37. h4 Ng8 38. g5 h5 39. Kg2 Ne7 40. Qf3 Rd6 41. Qxf7+ Kh8
42. Rf6 Rxf6 43. gxf6 Ng8 44. Qxc7 Nxf6 45. Qxe5 Kg7 46. Qxd4 Kf7 47. Qxf6+ Kxf6
48. Kf3 g5 49. hxg5+ Kxg5 50. Bf1 Kf6 51. Kf4 Ke6 52. Bh3+ Ke7 53. e5 Ke8 54.
Kg5 Ke7 55. Kxh5 a5 56. Kg5 axb4 57. axb4 Kd8 58. Kf6 Ke8 59. e6 Kf8 60. Bf5 Ke8
61. Bg6+ Kd8 62. e7+ Kc7 63. e8=Q Kb7 64. Qd7+ Ka8 65. Be4+ Kb8 66. Qb7# 1-0

[Event "Titled Tue 3rd Jan Late"]
[Site "chess.com INT"]
[Date "2025.06.03"]
[Round "9"]
[White "Ghafourian, Amir Ali"]
[Black "Rozman, Levy"]
[Result "1/2-1/2"]
[WhiteTitle "CM"]
[BlackTitle "IM"]
[WhiteElo "2111"]
[BlackElo "2324"]
[WhiteFideId "12533831"]
[BlackFideId "2039877"]
[EventDate "2025.06.03"]

1. e4 e6 2. d4 d5 3. e5 b6 4. Nc3 c5 5. Nf3 Ne7 6. g3 Nf5 7. Bg5 f6 8. exf6 gxf6
9. Be3 Nc6 10. Bb5 Bd7 11. Qd2 Nd6 12. dxc5 bxc5 13. Bf4 d4 14. Bxd6 Bxd6 15.
Ne4 Be7 16. Qh6 Qa5+ 17. Nfd2 Qxb5 18. Nxf6+ Bxf6 19. Qxf6 Rf8 20. Qh4 Nb4 21.
O-O-O Nxa2+ 22. Kb1 Nc3+ 23. Kc1 Qa4 24. Nb3 Nxd1 25. Rxd1 Rb8 26. Qh5+ Rf7 27.
Qxc5 Rxb3 28. cxb3 Qc6 29. Qxc6 Bxc6 30. f4 Rd7 31. Kd2 Bb5 32. Re1 Kf7 33. Re5
a6 34. f5 exf5 35. Rxf5+ Ke6 36. Rh5 Rc7 37. Rh6+ Ke5 38. Rh5+ Kd6 39. Rh6+ Kc5
40. g4 Kb4 41. g5 Kxb3 42. h4 Rc2+ 43. Kd1 Rc7 44. h5 Kc4 45. Rd6 Kd3 46. g6
hxg6 47. hxg6 Re7 48. b3 Ke3 49. Rf6 Rg7 50. Re6+ Kd3 51. Rd6 Be8 52. Kc1 Rxg6
53. Rd8 Rc6+ 54. Kb2 Bf7 55. Rd7 Be6 56. Rd8 Ke3 57. Ka3 d3 58. b4 d2 59. b5 a5
60. bxc6 Bg4 61. c7 Ke2 62. Ka4 d1=Q+ 63. Rxd1 Kxd1 64. Kxa5 Kd2 65. Kb6 Kd3 66.
Kc6 Kd4 67. Kd6 Kc4 68. Ke5 Kb5 69. Kf4 Kc6 70. c8=R+ Bxc8 1/2-1/2

[Event "Titled Tue 3rd Jan Late"]
[Site "chess.com INT"]
[Date "2025.06.03"]
[Round "9"]
[White "Mendes Aaron Reeve"]
[Black "Baltabaev, Temirlan"]
[Result "1/2-1/2"]
[WhiteTitle "IM"]
[BlackTitle "FM"]
[WhiteElo "2335"]
[BlackElo "2295"]
[WhiteFideId "25954938"]
[BlackFideId "4112172"]
[EventDate "2025.06.03"]

1. e4 e5 2. Nf3 Nc6 3. d4 exd4 4. Nxd4 Nf6 5. Nxc6 bxc6 6. Nd2 d5 7. exd5 cxd5
8. Bb5+ Bd7 9. Bxd7+ Qxd7 10. O-O Be7 11. b3 O-O 12. Bb2 c5 13. Qf3 Rad8 14. h3
Rfe8 15. Rfe1 d4 16. c3 Bf8 17. Nc4 Qd5 18. Rxe8 Nxe8 19. Qxd5 Rxd5 20. Rd1 d3
21. Bc1 g6 22. Nb2 Bg7 23. Rxd3 Rxd3 24. Nxd3 c4 25. bxc4 Bxc3 26. Be3 a6 27.
Bb6 Kf8 28. Nc5 a5 29. Ne4 Bb4 30. Bc5+ Bxc5 31. Nxc5 Nd6 32. Nd7+ Ke7 33. Nb6
Ne4 34. f3 Nc3 35. Kf2 Kd6 36. Ke3 Kc5 37. Nd7+ Kxc4 38. Ne5+ Kb4 39. Nxf7 Nxa2
40. Kd2 Kb3 41. Nd6 a4 42. Ne4 a3 43. Nc5+ Kb2 44. Nd3+ Kb3 45. Nc5+ Kc4 46. Ne4
Nb4 47. Kc1 Kb3 48. Nd2+ Ka4 49. Kb1 Nd5 50. Ne4 Nf4 51. Nf6 h5 52. g3 Nxh3 53.
Ne4 Ng1 54. Ka2 Nxf3 55. Nc3+ Kb4 56. Nd5+ Kc4 57. Nf4 Ne5 58. Kxa3 Kd4 59. Kb3
Ke3 60. Kc3 Kf3 61. Kd4 Nc6+ 62. Kd5 Ne7+ 63. Ke6 Kxg3 64. Ne2+ Kf2 65. Nf4 h4
66. Kxe7 Kg3 67. Ne2+ Kf3 68. Ng1+ Kg2 69. Ne2 g5 70. Kf6 g4 71. Kg5 Kf3 72.
Ng1+ Kg3 73. Ne2+ Kh3 74. Nf4+ Kg3 75. Nh5+ Kf3 76. Kxh4 g3 77. Nxg3 1/2-1/2

[Event "Titled Tue 3rd Jan Late"]
[Site "chess.com INT"]
[Date "2025.06.03"]
[Round "9"]
[White "Askarov, Bakhtiyar"]
[Black "Panin, Mikhail"]
[Result "1-0"]
[WhiteTitle "IM"]
[BlackTitle "CM"]
[WhiteElo "2300"]
[BlackElo "2262"]
[WhiteFideId "13701100"]
[BlackFideId "34164992"]
[EventDate "2025.06.03"]

1. d4 d5 2. Bf4 Nf6 3. e3 g6 4. Nf3 Bg7 5. h3 O-O 6. Be2 b6 7. O-O Bb7 8. a4 a6
9. c3 c5 10. a5 Nbd7 11. axb6 Qxb6 12. Nbd2 c4 13. Qa4 Bc6 14. Qa3 e6 15. Ra2
Rfc8 16. Rfa1 Bf8 17. Qa5 Bb5 18. Qxb6 Nxb6 19. Bd1 Nfd7 20. Nb1 Be7 21. Na3 Bc6
22. Nc2 Bb5 23. Nd2 Ra7 24. Nb1 Rca8 25. Ra5 Nb8 26. Bxb8 Rxb8 27. Rxb5 Rbb7 28.
Rba5 Nc8 29. R1a2 Kg7 30. Kf1 Bd8 31. R5a4 Nd6 32. Ke2 a5 33. Nd2 Ra8 34. Na1
Rab8 35. b3 cxb3 36. Naxb3 Rc8 37. Nc5 Rb5 38. Ke1 Bb6 39. Be2 Bxc5 40. Bxb5
Nxb5 41. dxc5 Nxc3 42. Rxa5 Nxa2 43. Rxa2 Rxc5 44. Ke2 h5 45. h4 Rc3 46. g3 Rc7
47. Nf3 Rb7 48. Nd4 Rc7 49. Rc2 Rb7 50. Kf1 Ra7 51. Kg2 Rb7 52. Nf3 Ra7 53. Rc8
Rb7 54. Rd8 Rc7 55. Ne5 Rb7 56. Rd7 Rxd7 57. Nxd7 f6 58. Kf3 Kf7 59. Nc5 Ke7 60.
Nd3 e5 61. Ke2 Ke6 62. f3 Kf5 63. Nb4 Ke6 64. Kd3 Kd6 65. Kc3 Kc5 66. Nd3+ Kd6
67. Kb4 e4 68. fxe4 dxe4 69. Nf2 Kd5 70. Kc3 g5 71. Nh3 gxh4 72. gxh4 Ke5 73.
Nf4 Kf5 74. Nxh5 Kg4 75. Nxf6+ Kxh4 76. Nxe4 1-0

[Event "Titled Tue 3rd Jan Late"]
[Site "chess.com INT"]
[Date "2025.06.03"]
[Round "9"]
[White "Gerbelli Neto, Eduardo"]
[Black "Nguyen Hong Nhung"]
[Result "0-1"]
[BlackTitle "WFM"]
[WhiteElo "2114"]
[BlackElo "2197"]
[WhiteFideId "2103281"]
[BlackFideId "12412201"]
[EventDate "2025.06.03"]

1. e4 c5 2. Nc3 a6 3. f4 e6 4. Nf3 Nc6 5. g3 d5 6. d3 Be7 7. Bg2 Nf6 8. e5 Ng8
9. O-O h5 10. d4 Qc7 11. Be3 cxd4 12. Nxd4 Nxd4 13. Bxd4 Nh6 14. Qxh5 g6 15. Qe2
Bd7 16. h3 Nf5 17. Bf2 Bc5 18. Bxc5 Qxc5+ 19. Qf2 Qb4 20. Rab1 Qc4 21. Rfd1 Bc6
22. g4 Nh4 23. Qd4 Nxg2 24. Kxg2 b5 25. Qxc4 bxc4 26. Kg3 Ke7 27. Ne2 Rab8 28.
Nd4 Ba4 29. b3 cxb3 30. axb3 Bd7 31. Ra1 Rb6 32. Ra5 Rc8 33. Rda1 Rc3+ 34. Kg2
Bb5 35. R1a2 f6 36. exf6+ Kxf6 37. g5+ Ke7 38. Nf3 Kd6 39. Ne5 Be8 40. Rxa6 Rxa6
41. Rxa6+ Kc5 42. Ra2 Kd4 43. h4 Ke4 44. Nd3 Bb5 45. h5 gxh5 46. g6 Rc7 47. Kg3
Bxd3 48. cxd3+ Kxd3 49. Kh4 Ke4 50. Kg5 h4 51. Rh2 d4 52. Rxh4 d3 53. f5+ Ke5
54. f6 d2 55. f7 d1=Q 56. f8=Q Qg1+ 57. Rg4 Qe3+ 58. Kh5 Qh3+ 59. Rh4 Qf5+ 60.
Qxf5+ exf5 61. Kh6 Kf6 62. Rh2 Rc3 63. b4 Rb3 64. g7 Kf7 65. Kh7 Rg3 66. g8=Q+
Rxg8 67. Rf2 Rg5 68. Kh6 Kf6 69. b5 Rg3 70. Kh5 Rh3# 0-1

[Event "Titled Tue 3rd Jan Late"]
[Site "chess.com INT"]
[Date "2025.06.03"]
[Round "9"]
[White "Kaczur, Florian"]
[Black "Matta, Vinay Kumar"]
[Result "1-0"]
[WhiteTitle "IM"]
[BlackTitle "FM"]
[WhiteElo "2500"]
[BlackElo "2120"]
[WhiteFideId "705098"]
[BlackFideId "5016649"]
[EventDate "2025.06.03"]

1. d4 Nf6 2. Nf3 g6 3. c4 Bg7 4. Nc3 O-O 5. Bg5 d6 6. e3 h6 7. Bh4 Nbd7 8. Qc2
c6 9. Be2 e5 10. Rd1 Qc7 11. O-O Re8 12. Nd2 exd4 13. exd4 Nf8 14. Bg3 Ne6 15.
Nb3 Qd8 16. d5 cxd5 17. Nxd5 Nxd5 18. Rxd5 Qf6 19. Rxd6 Qxb2 20. Qxb2 Bxb2 21.
Bf3 Ng5 22. Bd5 Kg7 23. Rd1 Ne4 24. Bxe4 Rxe4 25. c5 Be6 26. f3 Ra4 27. R6d2
Rxa2 28. Rxb2 Rxb2 29. Be5+ Kg8 30. Bxb2 Bxb3 31. Rd7 Rc8 32. Rxb7 Be6 33. Bd4
g5 34. Rxa7 Rd8 35. Ra4 Rb8 36. Kf2 Rb1 37. g4 Rc1 38. Ra8+ Kh7 39. Rh8+ Kg6 40.
Rg8+ Kh7 41. Rg7+ Kh8 42. Rxg5+ Kh7 43. Rg7+ Kh8 44. Rg6+ Kh7 45. Rxh6+ Kxh6 46.
Be3+ Kg6 47. Bxc1 Bd5 48. f4 f5 49. h3 fxg4 50. hxg4 Kf6 51. Ke3 Ke6 52. f5+ Kf6
53. Kf4 Kg7 54. g5 Kf7 55. Bb2 Bc6 56. g6+ Kg8 57. f6 Bd5 58. Ke5 Bc6 59. Kd6
Be4 60. f7+ Kf8 61. g7+ Kxf7 62. c6 Bf5 63. Kc7 Be6 64. Kd8 Kg8 65. c7 Bf5 66.
c8=Q Bxc8 67. Kxc8 Kf7 68. Kd7 Kg8 69. Ke8 Kh7 70. Kf7 Kh6 71. g8=Q Kh5 72. Bf6
Kh6 73. Qh8# 1-0

[Event "Titled Tue 3rd Jan Late"]
[Site "chess.com INT"]
[Date "2025.06.03"]
[Round "9"]
[White "Shukhman, Anna"]
[Black "Drozdowski, Kacper"]
[Result "0-1"]
[WhiteTitle "WGM"]
[BlackTitle "IM"]
[WhiteElo "2413"]
[BlackElo "2450"]
[WhiteFideId "54180058"]
[BlackFideId "1136720"]
[EventDate "2025.06.03"]

1. e4 Nf6 2. e5 Nd5 3. d4 d6 4. c4 Nb6 5. f4 dxe5 6. fxe5 Nc6 7. Be3 Bf5 8. Nc3
e6 9. Nf3 Be7 10. Be2 O-O 11. O-O f6 12. exf6 Bxf6 13. Qd2 Qd7 14. Rad1 Rae8 15.
Kh1 Kh8 16. h3 h6 17. Bg1 Bh7 18. Bd3 Bxd3 19. Qxd3 Qd8 20. Ne4 Be7 21. d5 exd5
22. cxd5 Nb4 23. Qb3 Bd6 24. Nxd6 Qxd6 25. Bh2 Qc5 26. d6 N4d5 27. d7 Rd8 28.
Ne5 Rxf1+ 29. Rxf1 Kg8 30. Bg1 Qb4 31. Qf3 Qe7 32. Bxb6 Qxe5 33. Qf7+ Kh7 34.
Bg1 Nf6 35. Bh2 Qd4 36. Qb3 Rxd7 37. Qxb7 c5 38. Qf3 Qd3 39. Bg1 c4 40. Rc1 Qxf3
41. gxf3 Rd2 42. Rxc4 Rxb2 43. Ra4 Nh5 44. Bh2 Rb1+ 45. Kg2 Rb2+ 46. Kh1 Rb7 47.
Be5 g5 48. h4 Kg6 49. hxg5 hxg5 50. Kg2 Kf5 51. Ra5 Kg6 52. Ra6+ Kf5 53. Ra5 Ke6
54. Kf2 Rd7 55. Ke3 Rb7 56. Bh2 Rb2 57. Bc7 Ng7 58. Be5 Nf5+ 59. Kd3 Rf2 60. Ke4
Re2+ 61. Kd3 Re3+ 62. Kc4 Rxe5 63. Rxa7 Nd6+ 64. Kd3 Rd5+ 65. Ke3 Nc4+ 66. Kf2
Ne5 67. Ra3 Kf5 68. Rb3 Rd2+ 69. Kg3 Rxa2 70. Rc3 Rd2 71. Rb3 Rd3 72. Rb5 Rxf3+
73. Kg2 g4 74. Rb4 Rd3 75. Ra4 Re3 76. Rb4 Ng6 77. Kf2 Rf3+ 78. Ke2 Nf4+ 79. Ke1
g3 0-1

[Event "Titled Tue 3rd Jan Late"]
[Site "chess.com INT"]
[Date "2025.06.03"]
[Round "9"]
[White "Wael Sabry, Mina"]
[Black "Sivakumar, Ashvin"]
[Result "1/2-1/2"]
[WhiteTitle "FM"]
[BlackTitle "FM"]
[WhiteElo "2094"]
[BlackElo "2175"]
[WhiteFideId "10670173"]
[BlackFideId "5804655"]
[EventDate "2025.06.03"]

1. d4 d6 2. Nf3 g6 3. g3 Bg7 4. Bg2 Nf6 5. O-O O-O 6. c4 c5 7. Nc3 Nc6 8. dxc5
dxc5 9. Be3 Qa5 10. Qb3 Ng4 11. Bd2 Qb6 12. Qxb6 axb6 13. a3 Be6 14. b3 Rfd8 15.
Rfc1 Na5 16. Rab1 Bf5 17. Rb2 Nc6 18. h3 Nf6 19. a4 Ne4 20. g4 Be6 21. Rbc2 Nxd2
22. Rxd2 Na5 23. Rb2 h6 24. Rbb1 Rd7 25. e4 Bxc3 26. Rxc3 Rad8 27. Bf1 Rd1 28.
Rb2 Nc6 29. Kg2 Kg7 30. Be2 R1d7 31. Ne1 Nd4 32. Bf1 f6 33. b4 h5 34. Kg3 Nc6
35. bxc5 bxc5 36. Rcb3 Na5 37. Rb5 Bxc4 38. Bxc4 Nxc4 39. Rc2 Nd6 40. Rb6 Nxe4+
41. Kg2 hxg4 42. hxg4 Rc8 43. Nd3 c4 44. Nb4 c3 45. a5 Rd2 46. Rxb7 Rxc2 47.
Nxc2 Kf7 48. Rb4 Nd6 49. a6 Ra8 50. Ra4 Nb5 51. Kf3 e5 52. Ke4 Ke6 53. Kd3 f5
54. Kc4 Nd6+ 55. Kxc3 Ne4+ 56. Kc4 Nxf2 57. Kb5 Nxg4 58. Kb6 e4 59. a7 Kd5 60.
Nb4+ Ke5 61. Nc6+ Kf4 62. Ne7 g5 63. Ra5 Ne3 64. Ng6+ Kf3 65. Ne5+ Ke2 66. Ra2+
Kd1 67. Kb7 Rxa7+ 68. Kxa7 f4 69. Ra4 f3 70. Ra1+ Kc2 71. Re1 Kd2 72. Ra1 f2 73.
Ra2+ Nc2 74. Rxc2+ Kxc2 75. Ng4 Kd2 76. Nxf2 e3 77. Ne4+ Kc2 78. Nxg5 e2 79. Nf3
Kd3 80. Kb6 Ke3 81. Ne1 Kd2 82. Ng2 Kd1 83. Kc5 e1=Q 84. Nxe1 1/2-1/2